Architektura konvejernych EVM = Architecture of pipelined computers /

Gespeichert in:
Bibliographische Detailangaben
1. Verfasser: Kogge, Peter M (Verfasst von)
Format: Buch
Sprache:Russisch
Veröffentlicht: Moskva : Radio i svjaz, 1985
Tags: Tag hinzufügen
Keine Tags, Fügen Sie das erste Tag hinzu!

MARC

LEADER 00000nam a22000003a 4500
001 stu574
005 20150617225622.6
008 910610s1985----xxr-----------------rus-d
040 |a STU  |b slo 
041 0 |a rus 
044 |a xxr 
080 |a 681.325 
100 1 |a Kogge, Peter M  |4 aut 
245 1 |a Architektura konvejernych EVM = Architecture of pipelined computers /  |c [aut.] Kogge,Peter M 
260 |a Moskva :  |b Radio i svjaz,  |c 1985 
300 |a 356 s 
996 |b E64683  |c E*64683  |l EE16  |s P  |a 0  |w stu574_0002